| 000 | 00458nam a2200169Ia 4500 | ||
|---|---|---|---|
| 008 | 230917s9999||||xx |||||||||||||| ||und|| | ||
| 020 | _cRS850 | ||
| 040 |
_e232010 _aMAIN |
||
| 041 | _aEnglish | ||
| 082 | _a338.4791 D969T | ||
| 100 | _aDwivedi, Harshit | ||
| 245 | 0 | _aTourism and economic development | |
| 260 |
_aJaipur _bPointer Publishers _c2015 |
||
| 300 | _axiv, 192 p. | ||
| 500 | _a2288 11/02/2016 HBD15/1719 01/03/2016 Main Budget | ||
| 942 | _cBK | ||
| 999 |
_c18289 _d18289 |
||